00442nam a2200109Ia 4500008004100000050002300041100003200064245011500096260008600211300002000297521001500317140724s9999 xx 000 0 und d aBF 575b.B252 2013 aBaril, Kristine Marielle M. aBehavioral manifestations of hyperactivity among preschoolers eating chocolates /cKristine Marielle M. Baril. aLas Piñas, Philippines :bSouthville International School and Colleges,cc2013. a60 p. :c28 cm. aPsychology